000 00629nam a2200229Ia 4500
003 OSt
005 20220918210250.0
006 a|||||r|||| 00| 0
007 ta
008 220917b |||||||| |||| 00| 0 eng d
024 _a119,874
037 _cTextual
040 _aARTS
_cARTS
_beng
041 _2eng
_aeng
082 _aV73:19(zG).N77<-N45, L8
100 _aBlanchard William H
_9117665
245 0 _aAggression American style
260 _acalifornia
_bGoodyear
_c1978
650 _aHISTORY
942 _hV73:19(zG).N77<-N45, L8
_cTEXL
_2CC
999 _c243133
_d243133